Volkswirtschaft

Na minha lista:
Detalhes bibliográficos
Outros Autores: Reuss, Karl-Heinz, Hölzer, Günter, Slawik, Franz
Formato: Livro
Idioma:alemão
Publicado em: Berlin Die Wirtschaft 1992
Edição:1. Aufl.
Colecção:Taschenlexikon Marktwirtschaft
Assuntos:
Tags: Adicionar Tag
Sem tags, seja o primeiro a adicionar uma tag!

MARC

LEADER 00000nam a2200000 4500
001 c010271
005 20221214090915.7
020 |a 3-349-00915-8 
041 0 |a ger 
044 |a DE 
245 1 0 |a Volkswirtschaft  |c Edit. Karl-Heinz Reuss, Günter Hölzer, Franz Slawik 
250 |a 1. Aufl. 
264 1 |a Berlin  |b Die Wirtschaft  |c 1992 
300 |a 310 s. 
490 1 |a Taschenlexikon Marktwirtschaft 
830 0 |a Taschenlexikon Marktwirtschaft 
610 2 0 |a hospodárstvo trhové 
610 2 0 |a hospodárstvo národné 
610 2 0 |a terminológia 
610 2 0 |a Nemecko 
700 1 |a Reuss, Karl-Heinz 
700 1 |a Hölzer, Günter 
700 1 |a Slawik, Franz